000 00353nam a2200145Ia 4500
008 220216s9999 xx 000 0 und d
100 _aSobhanie M
245 0 _aRoad analysis
260 _bTire Science and Technology
_c2003
300 _a19-38
650 _aExplicit finite element
650 _aImpact
650 _aTransient dynamic
942 _cJS
999 _c67124
_d67124